ბათუმის შოთა რუსთაველის სახელმწიფო უნივერსიტეტის ბიბლიოთეკა

მძიმე ჯვარი. რომანი 4 წიგნადწ. 1-2 (ბიბ.ჩანაწერი № 49071)

000 -LEADER
fixed length control field 00740nam a2200217Ia 4500
001 - CONTROL NUMBER
control field 15977
003 - CONTROL NUMBER IDENTIFIER
control field GE_BSU
008 - FIXED-LENGTH DATA ELEMENTS--GENERAL INFORMATION
fixed length control field 181216s||||||||xx |||||||||||||| ||und||
040 ## - CATALOGING SOURCE
Transcribing agency GE_BSU
080 ## - UNIVERSAL DECIMAL CLASSIFICATION NUMBER
Universal Decimal Classification number 821.353.1-31
100 ## - MAIN ENTRY--PERSONAL NAME
Personal name ჯაფარიძე, რევაზ
245 ## - TITLE STATEMENT
Title მძიმე ჯვარი. რომანი 4 წიგნადწ. 1-2
245 ## - TITLE STATEMENT
Statement of responsibility, etc. რედ.თ.აბულაძე.ბოლოსიტყვ. ავტ. გ. ნატროშვილი
260 ## - PUBLICATION, DISTRIBUTION, ETC.
Place of publication, distribution, etc. თბილისი
260 ## - PUBLICATION, DISTRIBUTION, ETC.
Name of publisher, distributor, etc. საბჭ. საქართველო
260 ## - PUBLICATION, DISTRIBUTION, ETC.
Date of publication, distribution, etc. 1979
300 ## - PHYSICAL DESCRIPTION
Extent 829 გვ.21სმ
653 ## - INDEX TERM--UNCONTROLLED
Uncontrolled term მძიმე ჯვარი.
653 ## - INDEX TERM--UNCONTROLLED
Uncontrolled term რომანი
942 ## - ADDED ENTRY ELEMENTS (KOHA)
Koha item type წიგნი
ეგზემპლარები
Withdrawn status Lost status Damaged status Not for loan Date acquired Barcode Date last seen Price effective from Koha item type
        2018-12-17 39651 2018-12-17 2018-12-17 წიგნი